Premier League Darts 2013 - Statistics

General Stats
  • This quiz has been taken 833 times
  • The average score is 9 of 10
Answer Stats
Hint Answer % Correct
The Power Phil Taylor
99%
Mighty Mike Michael Van Gerwen
96%
Jackpot Adrian Lewis
94%
The Machine James Wade
93%
Barney Raymond Van Barneveld
93%
The Flying Scotsman Gary Anderson
91%
The Wizard Simon Whitlock
86%
The Thorn Robert Thornton
80%
The Hammer Andy Hamilton
70%
The Warrior Wes Newton
50%
No matching quizzes found
Score Distribution
Percent of People with Each Score
Percentile by Number Answered
Your Score History
You have not taken this quiz